| 000 | 01729nam a2200493 i 4500 | ||
|---|---|---|---|
| 001 | 3301 | ||
| 003 | KOSZ 005 | ||
| 005 | 20190723083307.0 | ||
| 008 | 971216s1986 pl f |000 0 pol | ||
| 015 | _aPB 1988/3241 | ||
| 035 | _a991003344439705066 | ||
| 035 | _a(PL-WaBN)b10896685-48omnis_nlop | ||
| 035 | _ab10896685 | ||
| 035 | _a(OCoLC)830086300 | ||
| 035 | _a(PL)b0000001089668 | ||
| 035 | _a(EXLNZ-48OMNIS_NETWORK)9910437957505606 | ||
| 040 |
_aWA N _cWA N _dKOSZ 005/EG |
||
| 041 | _apol | ||
| 046 | _k1986 | ||
| 080 | _a1(091) | ||
| 080 | _a(075.8) | ||
| 245 | 1 | 0 |
_aHistoria filozofii niemarksistowskiej w wypisach. _nCz. 2, _pOd Kartezjusza do Hegla / _cwybór i oprac. Józef Lepianka ; [tł. z różnych jęz.] ; Wyższa Szkoła Inżynierska w Koszalinie. |
| 260 |
_aKoszalin : _bWydaw. Uczelniane WSI, _c1986. |
||
| 300 |
_a236 stron ; _c24 cm. |
||
| 336 |
_2rdacontent _aTekst _btxt |
||
| 337 |
_2rdamedia _aBez urządzenia pośredniczącego _bn |
||
| 338 |
_2rdacarrier _aWolumin _bnc |
||
| 380 | _aKsiążki | ||
| 380 | _aPublikacje dydaktyczne | ||
| 385 |
_mPoziom nauczania _aSzkoły wyższe |
||
| 388 | _a1901-2000 | ||
| 388 | _a1945-1989 | ||
| 521 | _aSkrypt Instytutu Nauk Społecznych. | ||
| 648 | 7 |
_a1601-1700 _2DBN |
|
| 648 | 7 |
_a1701-1800 _2DBN |
|
| 650 | 7 |
_aFilozofia _2DBN |
|
| 655 | 7 |
_aMateriały pomocnicze _2DBN |
|
| 658 | _aFilozofia i etyka | ||
| 700 | 1 |
_aLepianka, Józef _eWybór |
|
| 710 | 2 |
_aWydawnictwo Uczelniane (Wyższa Szkoła Inżynierska ; Koszalin) _4pbl |
|
| 856 |
_uhttp://koha.tu.koszalin.pl/cgi-bin/koha/opac-detail.pl?biblionumber=3301 _yKatalog online BPK |
||
| 942 |
_2UKD _cKS |
||
| 999 |
_c3301 _d3301 |
||